| 000 | 00619nam a2200193Ia 4500 | ||
|---|---|---|---|
| 003 | LDD | ||
| 008 | 190117s9999 xx 000 0 und d | ||
| 020 |
_a9789350640876 _c₹175 |
||
| 040 | _cLDD | ||
| 041 | _ahi | ||
| 082 | _a8H3.7 प्रे59222मे | ||
| 100 | _aप्रेमचन्द | ||
| 245 | 0 |
_aमेरी प्रिय कहानियाँ _cप्रेमचन्द |
|
| 260 |
_aनई दिल्ली _bराजपाल _c2012 |
||
| 300 | _a136 | ||
| 901 | _aAAKAR | ||
| 904 | _aReqst by : J.M. Parakh | ||
| 942 |
_2ddc _cH |
||
| 999 |
_c164242 _d164242 |
||